BIOSTATES FOR MOD.NURSING ,PHARMACY.STUDENT (Record no. 1243)

MARC details
000 -LEADER
fixed length control field 00368nam a2200145Ia 4500
008 - FIXED-LENGTH DATA ELEMENTS--GENERAL INFORMATION
fixed length control field 150201s2006 xx 000 0 und d
082 ## - DEWEY DECIMAL CLASSIFICATION NUMBER
Classification number 616.01
Item number B06I
100 ## - MAIN ENTRY--PERSONAL NAME
Personal name INDRAYAN,. A
245 ## - TITLE STATEMENT
Title BIOSTATES FOR MOD.NURSING ,PHARMACY.STUDENT
250 ## - EDITION STATEMENT
Edition statement 3
260 ## - PUBLICATION, DISTRIBUTION, ETC. (IMPRINT)
Name of publisher, distributor, etc. PRENTICE- HALL
Place of publication, distribution, etc. NEW DELHI
Date of publication, distribution, etc. 2006
300 ## - PHYSICAL DESCRIPTION
Extent 1-295
650 ## - SUBJECT ADDED ENTRY--TOPICAL TERM
Topical term or geographic name as entry element Pharmacology
942 ## - ADDED ENTRY ELEMENTS (KOHA)
Source of classification or shelving scheme Dewey Decimal Classification
Koha item type Books
Koha issues (borrowed), all copies 5
Holdings
Withdrawn status Lost status Source of classification or shelving scheme Damaged status Not for loan Collection code Home library Current library Shelving location Date acquired Source of acquisition Cost, normal purchase price SGTU Bill Number Total Checkouts Full call number Barcode Date last seen Date last checked out Bill Date Koha item type
    Dewey Decimal Classification     MEDICAL SGT Medical Library SGT Medical Library Text Book 14/10/2011 NEW DELHI 250.00 SGTU 844 10 616.01 B06I FM4722 01/09/2023 01/09/2023 14/10/2011 Books
    Dewey Decimal Classification     MEDICAL SGT Medical Library SGT Medical Library Text Book 14/10/2011 NEW DELHI 250.00 SGTU 844 3 616.01 B06I FM4723 27/06/2023 22/06/2023 14/10/2011 Books